| 000 | 00859nam a22002417a 4500 | ||
|---|---|---|---|
| 999 |
_c10500 _d10500 |
||
| 003 | AR-CdUCM | ||
| 008 | 190401b ||||| |||| 00| 0 spa d | ||
| 040 |
_aMUNICIPALIDAD PROVINCIAL DEL CUSCO _cBIBLIOTECA MUNICIPAL DEL CUSCO |
||
| 041 | _heng | ||
| 082 |
_aES / 800 / _bF36 |
||
| 100 |
_aFenton, Edward _927393 |
||
| 245 | _aLas puertas del paraíso / | ||
| 260 |
_aBarcelona : _bEditorial Molino, _c1958. |
||
| 300 |
_a251 páginas ; _bIlustraciones, _c19 cm. |
||
| 440 |
_aSerie Aventura _927394 |
||
| 505 | _aContenido: El gran imperial -- El italiano andrajoso -- Panorama desde una torre -- Nata batida en la piazza -- Papa dispone... | ||
| 650 |
_aLiteratura escolar _926679 |
||
| 650 |
_aAventuras _927395 |
||
| 650 |
_aCuentos Escolares _927396 |
||
| 700 |
_aRaich, Maria Dolores (traducción) _927397 |
||
| 942 |
_2ddc _cLIBROS |
||
| 945 | _adavv | ||